The General part of criminal law (Record no. 9241)
[ view plain ]
| 000 -LEADER | |
|---|---|
| fixed length control field | 00454nam a22001577a 4500 |
| 005 - DATE AND TIME OF LATEST TRANSACTION | |
| control field | 20260416170247.0 |
| 008 - FIXED-LENGTH DATA ELEMENTS--GENERAL INFORMATION | |
| fixed length control field | 260416b |||||||| |||| 00| 0 eng d |
| 020 ## - INTERNATIONAL STANDARD BOOK NUMBER | |
| International Standard Book Number | 9789964960995 |
| 050 ## - LIBRARY OF CONGRESS CALL NUMBER | |
| Classification number | KRX 3800 |
| Item number | .MS2 |
| 100 ## - MAIN ENTRY--PERSONAL NAME | |
| Personal name | Mensa Bonsu J.A.N Henrietta |
| 245 ## - TITLE STATEMENT | |
| Title | The General part of criminal law |
| Remainder of title | A Ghanaian casebook |
| 260 ## - PUBLICATION, DISTRIBUTION, ETC. | |
| Place of publication, distribution, etc. | Accra |
| Name of publisher, distributor, etc. | Black mask ltd |
| Date of publication, distribution, etc. | c2001 |
| 300 ## - PHYSICAL DESCRIPTION | |
| Extent | xiii,532p, |
| 700 ## - ADDED ENTRY--PERSONAL NAME | |
| Personal name | Mensa Bonsu J.A.N Henrietta |
| 942 ## - ADDED ENTRY ELEMENTS (KOHA) | |
| Source of classification or shelving scheme | Library of Congress Classification |
| Koha item type | Books |
| Suppress in OPAC | No |
| 999 ## - | |
| -- | 9241 |
| -- | 9241 |
| Withdrawn status | Lost status | Source of classification or shelving scheme | Damaged status | Not for loan | Collection | Home library | Current library | Shelving location | Date acquired | Total checkouts | Full call number | Barcode | Date last seen | Copy number | Uniform resource identifier | Price effective from | Koha item type |
|---|---|---|---|---|---|---|---|---|---|---|---|---|---|---|---|---|---|
| Library of Congress Classification | Non-fiction | Law Library (Kumasi) | Law Library (Kumasi) | General stacks | 04/16/2026 | KRX 3800.MS2 Men | LLK00000199 | 04/16/2026 | 1 | vol 1 | 04/16/2026 | Books | |||||
| Library of Congress Classification | Non-fiction | Law Library (Kumasi) | Law Library (Kumasi) | General stacks | 04/16/2026 | KRX 3800.MS2 Men | LLK00000200 | 04/16/2026 | 2 | vol 1 | 04/16/2026 | Books | |||||
| Library of Congress Classification | Non-fiction | Law Library (Kumasi) | Law Library (Kumasi) | General stacks | 04/16/2026 | KRX 3800.MS2 Men | LLK00000201 | 04/16/2026 | 3 | vol 1 | 04/16/2026 | Books | |||||
| Library of Congress Classification | Non-fiction | Law Library (Kumasi) | Law Library (Kumasi) | General stacks | 04/16/2026 | KRX 3800.MS2 Men | LLK00000202 | 04/16/2026 | 4 | vol 1 | 04/16/2026 | Books | |||||
| Library of Congress Classification | Non-fiction | Law Library (Kumasi) | Law Library (Kumasi) | General stacks | 04/16/2026 | KRX 3800.MS2 Men | LLK00000203 | 04/16/2026 | 5 | vol 1 | 04/16/2026 | Books |